<?xml version="1.0" encoding="UTF-8"?>
<record
    xmlns:xsi="http://www.w3.org/2001/XMLSchema-instance"
    xsi:schemaLocation="http://www.loc.gov/MARC21/slim http://www.loc.gov/standards/marcxml/schema/MARC21slim.xsd"
    xmlns="http://www.loc.gov/MARC21/slim">

  <leader>02016cab a2200313Ia 45 0</leader>
  <controlfield tag="001">u194542</controlfield>
  <controlfield tag="003">SIRSI</controlfield>
  <controlfield tag="008">110823s2010    ua     ss b         eng d</controlfield>
  <datafield tag="040" ind1=" " ind2=" ">
    <subfield code="a">EAL</subfield>
  </datafield>
  <datafield tag="041" ind1=" " ind2=" ">
    <subfield code="a">eng</subfield>
    <subfield code="b">ara</subfield>
  </datafield>
  <datafield tag="090" ind1=" " ind2=" ">
    <subfield code="a">ART ASEJ V31 No4 14</subfield>
  </datafield>
  <datafield tag="100" ind1="1" ind2=" ">
    <subfield code="a">El-Sharkawy, Gehan. A.</subfield>
  </datafield>
  <datafield tag="240" ind1="1" ind2="0">
    <subfield code="a">Alexandria science exchange journal, 2010 v. 31 (4)</subfield>
    <subfield code="h">[electronic resource]:</subfield>
    <subfield code="b">an international quarterly journal of science agricultural environments.</subfield>
  </datafield>
  <datafield tag="245" ind1="1" ind2="0">
    <subfield code="a">Response of cabbage plants (Brassica oleraceae var. capitata L. ) to fertilization with chicken manure, mineral nitrogen fertilizer and humic acid</subfield>
    <subfield code="h">[electronic resource].</subfield>
  </datafield>
  <datafield tag="246" ind1="1" ind2="5">
    <subfield code="a">&#x627;&#x633;&#x62A;&#x62C;&#x627;&#x628;&#x629; &#x646;&#x628;&#x627;&#x62A;&#x627;&#x62A; &#x627;&#x644;&#x643;&#x631;&#x646;&#x628; &#x644;&#x644;&#x62A;&#x633;&#x645;&#x64A;&#x62F; &#x628;&#x632;&#x631;&#x642; &#x627;&#x644;&#x62F;&#x648;&#x627;&#x62C;&#x646; &#x648;&#x627;&#x644;&#x633;&#x645;&#x627;&#x62F; &#x627;&#x644;&#x622;&#x632;&#x648;&#x62A;&#x649; &#x627;&#x644;&#x645;&#x639;&#x62F;&#x646;&#x649; &#x648;&#x62D;&#x627;&#x645;&#x636; &#x627;&#x644;&#x647;&#x64A;&#x648;&#x645;&#x64A;&#x643;.</subfield>
  </datafield>
  <datafield tag="300" ind1=" " ind2=" ">
    <subfield code="a">P.416-432.</subfield>
  </datafield>
  <datafield tag="504" ind1=" " ind2=" ">
    <subfield code="a">Includes references.</subfield>
  </datafield>
  <datafield tag="520" ind1=" " ind2=" ">
    <subfield code="a">Response of cabbage plants to different rates of chicken manure (00, 10 and 20 m3/fed.), levels of mineral N (00, 60 and 120 kg N/fed. as ammonium nitrate) and humic acid foliar treatments (0, 1 and 2 g/l) as well as their interactions was studied at the Experimental Station Farm, Faculty of Agriculture, Alexandria University during two growing seasons of 2007/2008 and 2008/2009. The obtained results indicated that application of 20 m3/fed. of chicken manure showed more superior effect on vegetative growth characters (plant weight, non wrapper leaves weight and number, as well as total head yield and its component (net head weight, head length and diameter), and N content of inner edible leaves.</subfield>
  </datafield>
  <datafield tag="546" ind1=" " ind2=" ">
    <subfield code="a">Summary in Arabic.</subfield>
  </datafield>
  <datafield tag="650" ind1=" " ind2="0">
    <subfield code="a">Cabbage</subfield>
    <subfield code="x">Fertilizers</subfield>
  </datafield>
  <datafield tag="650" ind1=" " ind2="0">
    <subfield code="a">Nitrogen fertilizers</subfield>
  </datafield>
  <datafield tag="650" ind1=" " ind2="0">
    <subfield code="a">Humic acid.</subfield>
  </datafield>
  <datafield tag="650" ind1=" " ind2="0">
    <subfield code="a">Poultry</subfield>
    <subfield code="x">Manure.</subfield>
  </datafield>
  <datafield tag="650" ind1=" " ind2="3">
    <subfield code="a">Mineral fertilizers.</subfield>
  </datafield>
  <datafield tag="700" ind1="1" ind2=" ">
    <subfield code="a">Saleh, Abdel-Razzak H.</subfield>
  </datafield>
  <datafield tag="773" ind1="0" ind2=" ">
    <subfield code="t">Alexandria Science Exchange Journal. </subfield>
    <subfield code="g">2010.v.31(4)</subfield>
    <subfield code="x">1110-0176</subfield>
    <subfield code="7">nnas</subfield>
    <subfield code="w">u193445</subfield>
  </datafield>
  <datafield tag="856" ind1="4" ind2="0">
    <subfield code="u">http://nile.enal.sci.eg/EALE/2010/ASEJ/3110/4/416.pdf</subfield>
    <subfield code="z">Full Text Article</subfield>
  </datafield>
  <datafield tag="596" ind1=" " ind2=" ">
    <subfield code="a">1</subfield>
  </datafield>
  <datafield tag="942" ind1=" " ind2=" ">
    <subfield code="c">AR</subfield>
    <subfield code="2">lcc</subfield>
  </datafield>
  <datafield tag="999" ind1=" " ind2=" ">
    <subfield code="c">47799</subfield>
    <subfield code="d">47799</subfield>
  </datafield>
</record>
